• 首页
  • 本馆介绍
  • 公告通知
  • 最新文献
  • 馆藏检索
  • 电子资源
  • 读者导购
  • 参考咨询
  • 我的图书馆
  • 登录
  • 详细信息显示
  • 放入我的书架
  • 预约/预借图书
  • 作者相关作品
  • 分类相关作品
  • 丛书相关作品
  • 出版社相关作品

书目信息

  • 表格格式
  • 工作单格式
  • 卡片格式
题名:
国外中国近代史研究
    
 
作者: ;中国社会科学院近代史研究所 编
分册:  
出版信息: 北京   中国社会科学出版社  1980
页数: 286页
开本: 20cm
丛书名:
单 册:
中图分类: K250.7 , K14
科图分类:
主题词: 近代史-中国--研究--文集 , 世界史:近代史
电子资源:
ISBN:
000 00820nam0 2200265 450
001 1547450961
005 20150207155054.56
010    @dCNY1.05
091    @a11190.054
100    @a19960215d1980 em y0chiy0110 ea
101 0  @achi
102    @aCN@b110000
105    @ay z 000yy
200 1  @a国外中国近代史研究@9guo wai zhong guo jin dai shi yan jiu@f中国社会科学院近代史研究所《国外中国近代史研究》编辑部编
210    @a北京@c中国社会科学出版社@d1980
215    @a286页@d20cm
300    @a国内发行
606 0  @a近代史-中国@x研究@x文集
606 0  @a世界史:近代史
607    @a中国@x近代史@x研究@x文集
690    @aK250.7@v5
690    @aK14@v4
711 02 @a中国社会科学院近代史研究所@9zhong guo she hui ke xue yuan jin dai shi yan jiu suo@4编
801  0 @aCN@bTSSF@c20150207
905    @aZUCC@dK14@eJY3
    
    国外中国近代史研究/中国社会科学院近代史研究所《国外中国近代史研究》编辑部编.-北京:中国社会科学出版社,1980
    286页;20cm
    国内发行
    
    ISBN :CNY1.05
    
●
相关链接 在E读中查询图书 在五车中查询图书 在当当中查询图书 在豆瓣中查询图书


正题名:国外中国近代史研究     索取号:K14/JY3         预约/预借

序号 登录号 条形码 馆藏地/架位号 状态 备注
1 7841274   278412745   学院路分馆/ [索取号:K14/JY3] 在馆    
2 7841275   278412754   学院路分馆/ [索取号:K14/JY3] 在馆    
唐山师范学院图书馆 欢迎您!
大连网信软件有限公司© 版权所有